Funkcjonowanie organizacji gospodarczych w kryzysie

Salvato in:
Dettagli Bibliografici
Natura: Libro
Lingua:polacco
Pubblicazione: Warszawa Szkola Glóvna planowania i statystyki 1985
Serie:Monografie i opracowania 148
Tags: Aggiungi Tag
Nessun Tag, puoi essere il primo ad aggiungerne!!

MARC

LEADER 00000nam a2200000 4500
001 c110621
005 20250630080426.5
041 0 |a pol 
044 |a PL 
245 1 0 |a Funkcjonowanie organizacji gospodarczych w kryzysie 
264 1 |a Warszawa  |b Szkola Glóvna planowania i statystyki  |c 1985 
300 |a 290 s. 
490 1 |a Monografie i opracowania  |v 148 
830 0 |a Monografie i opracowania  |v 148